000 00634 a2200229 4500
003 Nust
005 20170207154041.0
010 _a 2004098834
020 _a0672327279 (pbk.)
035 _a(OCoLC)ocm57382262
040 _cNust
082 0 4 _a005.8
245 0 0 _a1337 h4x0r h4ndb00k(E-BOOK)
_cTapeworm.
260 _aIndianapolis, Ind. :
_bSams Publishing,
_cc2005.
300 _a232 p.
_bill. ;
_c22 cm.
500 _aWindows xp.
650 0 _aComputer hackers.
650 0 _aComputer security.
651 _aE-BOOK
700 0 _aTapeworm.
856 4 1 _3Table of contents only
_uhttp://www.loc.gov/catdir/toc/fy0702/2004098834.html
942 _2ddc
_cBK
999 _c192632
_d192632